000 00918nam0a22002771 4500
001 rc\684868
005 20250621211742.0
035 _a(NLR Aleph) 005921962
090 _a6486722
_c6486722
100 _a20031121d1985 |||y0rusy50 ca
101 0 _arus
102 _aRU
105 _aa |||||||||
200 1 _aРегистраторы формы импульсных сигналов серии "S". АЦП-850S
210 _aНовосибирск
_cБ. и.
_d1985
215 _a24 с.
_cил.
_d20
225 1 _aПрепринт
_fИн-т ядер. физики СО АН СССР
_v85-10
320 _aБиблиогр.: с. 24
700 1 _aБатраков
_bА. М.
_gАлександр Матвеевич
_9141920
_3RU\NLR\AUTH\770141956
701 1 _aКозак
_bВ.Р.
801 0 _aRU
_bNLR
_gpsbo
801 1 _aRU
_bELAR
_2rusmarc
852 _aNLR
_j85-4/26942
942 _cBOOK
980 _aNB